[Event "Hum na Sutli op 16th"]
[Site "Hum na Sutli"]
[Date "2024.08.19"]
[Round "4"]
[White "Elbasan, Veselaj"]
[Black "Novosel, Kristijan"]
[Result "0-1"]
[WhiteElo "1663"]
[BlackElo "1913"]
[PlyCount "46"]
[EventDate "2024.08.17"]
[EventType "swiss"]
[EventRounds "9"]
[EventCountry "CRO"]
[SourceTitle "EXT 2025"]
[Source "ChessBase"]
[SourceDate "2024.10.14"]
[SourceVersion "1"]
[SourceVersionDate "2024.10.14"]
[SourceQuality "1"]

1. d4 d5 2. e3 g6 3. Nf3 Bg7 4. c4 c6 5. Be2 Nf6 6. Nc3 0-0 7. 0-0 Nbd7 8. Bd2 Nb6 9. c5 Nbd7 10. a3 Qc7 11. b4 e5 12. dxe5 Nxe5 13. Nxe5 Qxe5 14. h3 Ne4 15. Nxe4 dxe4 16. Rb1 Qg5 17. f4 exf3 18. Rxf3 Rd8 19. Qc2 Bf5 20. Rxf5 Qxf5 21. e4 Bd4+ 22. Kh1 Qf2 23. Bc4 Be5 0-1